| 000 | 00706nam a2200229Ia 4500 | ||
|---|---|---|---|
| 005 | 20241129110120.0 | ||
| 008 | 241129s9999||||xx |||||||||||||| ||und|| | ||
| 020 | _a978-93-89409-05-5 | ||
| 037 | _aTB | ||
| 040 |
_aARTS _beng _cARTS |
||
| 041 |
_aeng _2ben |
||
| 084 |
_aO157,1M61:g 111Q9 _qARTS |
||
| 100 |
_aGhose Goutam Au. _9727257 |
||
| 245 | 0 |
_aRabindranath Tagore: life, philosophy nad literary land scape _cGhose Goutam Au. |
|
| 260 |
_aNew Delhi, India _bNew Omega Publications _c2012 |
||
| 300 | _a264p. | ||
| 365 |
_aINR _b995 |
||
| 546 | _aTranslated from Bengali to English | ||
| 650 | _aBengali Poetry | ||
| 942 |
_cTB _hO157,1M61:g 111Q9 |
||
| 999 |
_c1227359 _d1227359 |
||